El transporte forestal terrestre. Año 1979. Primer semestre 1980
Guardat en:
| Autor principal: | |
|---|---|
| Format: | Llibre |
| Idioma: | espanyol |
| Publicat: |
Santiago
Instituto Forestal
1980
|
| Col·lecció: | Informe técnico, 80
|
| Matèries: | |
| Etiquetes: |
Afegir etiqueta
Sense etiquetes, Sigues el primer a etiquetar aquest registre!
|
MARC
| LEADER | 00000nam a2200000 a 4500 | ||
|---|---|---|---|
| 001 | UCU6750 | ||
| 003 | CL-VaPUC | ||
| 008 | 960621e19800000CL |||||||||||||||||spa|d | ||
| 082 | 0 | 4 | |a 388.044 |b CAB |2 21 |
| 100 | 0 | |a Cabrera Perramon, Jorge |e author |9 365105 | |
| 245 | 1 | 3 | |a El transporte forestal terrestre. Año 1979. Primer semestre 1980 |
| 300 | |a 68 p | ||
| 942 | |c BK | ||
| 945 | |d 19960621 00:00:00 |a paguirre | ||
| 260 | |a Santiago |b Instituto Forestal |c 1980 | ||
| 650 | 7 | |a TRANSPORTE |2 CL-VaPUC |9 256365 | |
| 650 | 7 | |a TRANSPORTE POR CARRETERA |2 CL-VaPUC |9 365106 | |
| 650 | 7 | |a CAMIONES |2 CL-VaPUC |9 365107 | |
| 650 | 0 | |a Madera |9 262357 | |
| 650 | 0 | |a Transporte Ferroviario |9 353259 | |
| 583 | |a last modification |c 19960621 00:00:00 |k Rodrigo Vera | ||
| 490 | 0 | |a Informe técnico, 80 | |
| 999 | |c 249568 |d 249566 | ||
| 952 | |0 0 |1 0 |4 0 |6 388_044000000000000_CAB_1980 |7 0 |8 A |9 266874 |a BIBING |b BIBING |d 2019-11-19 |i 1690957 |o 388.044 CAB 1980 |p 1690957 |r 2025-01-20 |w 2019-11-19 |y BK |k TRA | ||